000 00441nam a2200181Ia 4500
008 230524s9999 xx 000 0 und d
020 _a9788131717189
082 _a621.37
_bBEC
100 _aThomas G.Beckwith
245 0 _aMechanical Measurements
250 _a9
260 _aNew Delhi
_bPearson
_c2012
300 _a"1;777p,"
500 _aQuantity Number: 40
650 _aMechanics
700 _aJohn H.Leinhard V
942 _cBK
999 _c54159
_d54159